Prehľad záujmu o výskum etológie včely medonosnej (Apis mellifera L.)

Bibliographic Details
Main Authors: Šafařík, Zdeněk (Author), Novacký, Martin, 1939- (Author), Janíková, Eva (RNDr.) (Author)
Format: Article
Language:Slovak
ISBN:8080830339
Subjects:

MARC

LEADER 00000nab a2200000 ar4500
001 vtls009143205
003 SK-MaSNL
005 20260304212303.0
008 070924c2004 xo |r||||||||||00 ||slo
015 |a SNBRA2007/09  |2 snkbucl 
038 |a SNKBUCL 
040 |a SNKBUCL  |b slo  |c SNKBUCL  |e AACR2 
041 1 |a slo  |b eng 
044 |a xo  |c SK 
080 |a 595.799:591.5  |2 2001 
080 |a 638.124.25  |x (437.6)  |2 2001 
080 |a 591.5:595.799  |2 2001 
100 1 |a Šafařík, Zdeněk  |4 aut  |9 813846 
245 1 0 |a Prehľad záujmu o výskum etológie včely medonosnej (Apis mellifera L.)  |c Zdeněk Šafařík, Martin Novacký, Eva Janíková 
504 |a Bibliogr. odkazy 
546 |a Res. angl. 
650 0 7 |a včela medonosná  |2 snkbucl  |9 25170 
650 0 7 |a etológia  |2 snkbucl  |9 18564 
650 0 7 |a rojenie  |2 snkbucl  |9 14590 
650 0 7 |a výskum  |2 snkbucl  |9 4238 
700 1 |a Novacký, Martin,  |d 1939-  |4 aut  |9 28184 
700 1 |a Janíková, Eva  |c (RNDr.)  |4 aut  |9 81864 
773 0 |t Acta museologica IV  |d Banská Štiavnica : Katedra ekomuzeológie FPV UMB B. Bystrica, 2004  |g S. 9-23  |z 8080830339 
852 |a SNK  |b KIS3GCP 
958 |a NB 
999 |c 3130813  |d 3132743